000 00936nam a2200253 i 4500
001 47077
003 ES-MaACL
005 20231229062523.0
007 t|
008 030403s1965 sp ||||1| spa d
080 _a821.134.2-94"16"
080 _a929 Contreras, Alonso de
100 1 _aContreras, Alonso de.
_940301
245 1 0 _aVida del capitán Alonso de Contreras /
_cedición y prólogo de Manuel Criado del Val .
_bLas aventuras de un capitán español / por José Ortega y Gasset ; portada e ilustraciones de Eduardo Vicente.
260 _aMadrid :
_bTaurus,
_c1965.
300 _a216 p., 1 lám. :
_b, il. ;
_c24 cm.
600 1 4 _aContreras, Alonso de.
_940301
700 1 _aCriado de Val, Manuel.
_941605
700 1 _aOrtega y Gasset, José,
_d1883-1955
_987503
700 1 _aVicente, Eduardo.
_9114331
740 4 2 _aLas aventuras de un capitán español.
852 4 _aES-MaACL
_jC-27392
999 _c47077
_d47077